|
|
|
|
| LEADER |
00000nab a2200000 a 4500 |
| 001 |
vtls000763858 |
| 003 |
SK-MaSNL |
| 005 |
20260304113011.0 |
| 008 |
250429c2001 xo 0 slo |
| 015 |
|
|
|a SNBRB2001/07-22141
|
| 035 |
|
|
|a CLN000115645
|
| 035 |
|
|
|a urn:nbn:sk:snk-ab3494
|
| 035 |
|
|
|a (urnnbn)urn:nbn:sk:snk:ar-a05urb
|
| 035 |
|
|
|a (uuid)773921ef-b919-400d-a240-6baa549c22c3
|
| 040 |
|
|
|a SNKBUCL
|b slo
|c SNKBUCL
|e AACR2
|
| 041 |
0 |
|
|a slo
|
| 044 |
|
|
|a xo
|c SK
|
| 080 |
|
|
|a 618.14-002-073
|2 1997
|
| 245 |
0 |
0 |
|a Význam laparoskopie v diagnostike endometriózy
|c Zuzana Refková ... [et al.]
|
| 246 |
1 |
1 |
|a Importance of laparoscopy in diagnostics of endometriosis
|
| 300 |
|
|
|b Obr., tab.
|
| 504 |
|
|
|a Res. angl., slov.
|
| 504 |
|
|
|a Bibliogr. odkazy
|
| 650 |
0 |
7 |
|a endometrióza
|2 snkbucl
|9 14284
|
| 650 |
0 |
7 |
|a laparoskopia
|2 snkbucl
|9 14478
|
| 650 |
0 |
7 |
|a analógy GnRH
|2 snkbucl
|9 1031524
|
| 655 |
|
7 |
|a články z novín a časopisov
|2 snkbucl
|9 267496
|
| 700 |
1 |
|
|a Refková, Zuzana
|4 aut
|9 1406550
|
| 700 |
1 |
|
|a Adam, Róbert
|4 aut
|9 277977
|
| 700 |
1 |
|
|a Kováčová, Elena
|4 aut
|9 365718
|
| 700 |
1 |
|
|a Lazor, Rastislav
|4 aut
|9 1412185
|
| 773 |
0 |
|
|t Praktická gynekológia
|g Roč. 8, č. 1 (2001), s. 31-34
|x 1335-4221
|
| 850 |
|
|
|a Slovenská národná knižnica
|
| 852 |
|
|
|a Slovenská národná knižnica
|
| 954 |
|
|
|a odborná, vedecká literatúra pôvodná (slovenská)
|2 lita
|
| 958 |
|
|
|a article27
|
| 958 |
|
|
|a MI
|
| 958 |
|
|
|a NB
|
| 958 |
|
|
|a OND
|
| 958 |
|
|
|a EUIPO
|
| 999 |
|
|
|c 2867849
|d 2869779
|